LIBRARY & INFORMATION CENTRE, KCAET, TAVANUR

ONLINE PUBLIC ACCESS CATALOGUE (OPAC)

Finite Element Method in Machine Design (Record no. 13604)

MARC details
000 -LEADER
fixed length control field 00343cam a2200133ua 4500
020 ## - INTERNATIONAL STANDARD BOOK NUMBER
ISBN 9788173199653
082 ## - DEWEY DECIMAL CLASSIFICATION NUMBER
Classification number 621.815
Item number RAM/FI
100 ## - MAIN ENTRY--AUTHOR NAME
Personal name Ramamurti, V,
245 0# - TITLE STATEMENT
Title Finite Element Method in Machine Design
250 ## - EDITION STATEMENT
Edition statement 1.
260 ## - PUBLICATION, DISTRIBUTION, ETC. (IMPRINT)
Place of publication New Delhi
Name of publisher Narosa Publishing House
Year of publication 2009
300 ## - PHYSICAL DESCRIPTION
Number of Pages 452:
Other physical details 40 tbls;186 fig.
942 ## - ADDED ENTRY ELEMENTS (KOHA)
Koha item type Books
Holdings
Withdrawn status Lost status Damaged status Collection code Home library Current library Shelving location Date acquired Source of acquisition Cost, normal purchase price Full call number Accession Number Koha item type
        KAUAET KAUAET Scheme 01/09/2016 Penta Books Distributors, Calicut. 395.00 621.815 RAM/FI BB 160 Book Bank scheme for SC students
        KAUAET KAUAET Scheme 01/09/2016 Penta Books Distributors, Calicut. 395.00 621.815 RAM/FI BB 161 Book Bank scheme for SC students
free website counter